| 000 | 01892nam a2200445Ii 4500 | ||
|---|---|---|---|
| 001 | DIGEDUSTA104 | ||
| 003 | NyNyDIG | ||
| 008 | 210827s2018 ck ab ob 000 0 spa d | ||
| 006 | m o d | ||
| 007 | cr ||||||||||| | ||
| 035 | _a(OCoLC)1088407680 | ||
| 040 |
_aDGITA _beng _erda _epn _cDGITA |
||
| 020 |
_a9789587821444 _qeBook _qePub |
||
| 020 | _z9789587821437 | ||
| 043 | _as-ck--- | ||
| 050 | 1 | 4 | _aJZ5584.C7 ebook |
| 245 | 0 | 0 |
_aReconciliaciones y resistencias : _bmodelos mentales y aprendizajes colectivos de la construcción de paz territorial en Colombia / _cJhon Alexánder Idrobo Velasco, Johanna Amaya Panche, editores. |
| 250 | _aPrimera edición | ||
| 264 | 1 |
_aBogotá, D.C., Colombia : _bEdiciones USTA, Universidad Santo Tomás, _c2018. |
|
| 300 |
_a1 online resource : _billustrations, maps. |
||
| 336 |
_atext _btxt _2rdacontent |
||
| 336 |
_astill image _2rdacontent |
||
| 337 |
_acomputer _bc _2rdamedia |
||
| 338 |
_aonline resource _bcr _2rdacarrier |
||
| 347 |
_atext file _2rdaft |
||
| 347 | _bEPUB | ||
| 504 | _aIncludes bibliographical references. | ||
| 588 | 0 | _aOnline resource; title from ePub title page (Digitalia, viewed August 27, 2021) | |
| 650 | 0 |
_aPeace-building _zColombia. |
|
| 650 | 0 |
_aReconciliation _xPolitical aspects _zColombia. |
|
| 655 | 0 | _aElectronic books. | |
| 700 | 1 |
_aIdrobo Velasco, Jhon Alexánder, _d1983- _eeditor. |
|
| 700 | 1 |
_aAmaya Panche, Johanna, _eeditor. |
|
| 791 | 2 |
_aDigitalia (Firm), _edistributor. |
|
| 793 | 0 |
_gDigitalia eBook Collection: _aEdiciones USTA |
|
| 776 | 0 | 8 |
_iPrint version: _tReconciliaciones y resistencias. _bPrimera edición. _dBogotá, D.C., Colombia : Ediciones USTA, Universidad Santo Tomás, 2018 _z9789587821437 _w(DLC)2019413937 _w(OCoLC)1090690602 |
| 856 | 4 | 0 |
_3Digitalia Hispánica _uhttps://www.digitaliapublishing.com/a/80549/ |
| 910 | _aPremium collection: 2021 | ||
| 942 | _cRAA | ||
| 999 |
_c264644 _d264644 |
||